000 00475nam a2200169Ia 4500
008 090711s9999 xx 000 0 und d
082 _b40840
100 _aशहा सुरेखा
245 _aवळवाSया धारा
260 _c1979
300 _a94
600 _aशहा सुरेखा
630 _aवळवाSया धारा
700 _aशहा सुरेखा
730 _aवळवाSया धारा
942 _cBOOK
999 _c293975
_d293975